000 00406nam a22001457a 4500
008 241001b ||||| |||| 00| 0 eng d
020 _a978996674730
050 _aGN659
_b.W38 2010
100 _aWatuma, Blanche W.
245 _aMukamba na sythio syake/
260 _aNairobi, Kenya
_bSengani Publishers
_c2010
300 _a84 p.;
_c24 cm
650 _aAkamba (African People)
_xCustoms
942 _2lcc
_cBK
999 _c59473
_d59473